LEADER 01610nam a2200313 4500 001 000000355105 003 CaOOAMICUS 005 20230825101349.0 008 230825s1770 it a 000 u ita r 026 $ee-a; o-o- ,ri- tees (3) 1770 (A) 040 $aSeMil$bita 100 11$aPini, Ermenegildo,$d<1739-1825>.$0(OLS)http://semarc/name/89441 245 10$aDell'architettura. Dialogi di Ermenegildo Pini C.R.B. 264 1$aIn Milano :$bNella Stamperia Marelliana,$c1770. 300 $a[6], 92 p., [6] carte di tav., di cui 5 ripieg. :$bill., ritr. ;$c4° 500 $aSegn.: ?? A-L? Mē 500 $aDue tav. calcogr. sottoscritte da Mercori su disegno dell'A. 500 $aIniziali e fregi xilogr. 500 $aRitratto dell'autore inciso da Giacomo Mercori su disegno di Martin Knoller 650 4$aArchitettura.$0(OLS)http://semarc/subject/1916 700 1 $aMercoli, Giacomo .$0(OLS)http://semarc/name/25390 700 1 $aMarelli, Giuseppe,$c.$0(OLS)http://semarc/name/6392 700 1 $aKnoller, Martin,$c.$0(OLS)http://semarc/name/118107 850 $aSeMil 852 $aSeMil$W1$xVenegono$y1$m3XF VI 16 FA$j243203$B246390$CSeMilBibl$Z2$F246390 $8I 856 42$uhttp://books.google.it/books?id=fzipZ5dHRnQC&pg=PP3&hl=it&source=gbs_selected_pages&cad=2#v=onepage&q&f=false 996 $6245$aDell'architettura. Dialogi di Ermenegildo Pini C.R.B.$9(OLS)http://semarc/title/445267 996 $6264$aIn Milano :$bNella Stamperia Marelliana$9(OLS)http://semarc/publisher/61189 LEADER 01627nam a2200313 4500 001 000000366098 003 CaOOAMICUS 005 20260121141328.0 008 260121s2016 xxu 000 u eng r 020 $a978-1-63548-998-9 040 $aSeMil$bita 100 0 $aHugo : de Sancto Victore,$c.$0(OLS)http://semarc/name/3684 240 10$aDe sacramentis christianae fidei.$0(OLS)http://semarc/title/439061 245 10$aOn the sacraments of the Christian faith :$b(De sacramentis) /$cHugh of Saint Victor ; English version by Roy J. Deferrari ; revised edition by Ex Fontbus Company with corrections indicated in additional footnotes. 264 1$a[S.l.] :$bEx Fontbus Company,$c2016. 300 $aXX, 486 p. ;$c25 cm 534 $pOriginariamente pubblicato in:$cCambridge, Mass. : The Mediaeval Academy of America, 1951 650 4$aUgo : di San Vittore <1096-1141> . De sacramentis.$0(OLS)http://semarc/subject/44716 650 4$aTeologia - Sec. 12.$0(OLS)http://semarc/subject/48796 700 1 $aDeferrari, Roy Joseph,$d<1890-1969>.$0(OLS)http://semarc/name/9142 850 $aSeMil 852 $aSeMil$W1$xVenegono$y1$m2T VI 20$j266478$B256866$CSeMilBibl$Z2$F256866 $81 900 1 $aUgo : di San Vittore. 961 $aBrambilla don Paolo - Omaggio 996 $6020$a978-1-63548-998-9$9(OLS)http://semarc/number/305114 996 $6245$aOn the sacraments of the Christian faith :$b(De sacramentis)$9(OLS)http://semarc/title/457786 996 $6264$a[S.l.] :$bEx Fontbus Company$9(OLS)http://semarc/publisher/62844